Intercultural communication for everyday life / (Record no. 192569)
[ view plain ]
| 000 -LEADER | |
|---|---|
| fixed length control field | 01233nam a2200313 i 4500 |
| 003 - CONTROL NUMBER IDENTIFIER | |
| control field | MY-SjTCS |
| 005 - DATE AND TIME OF LATEST TRANSACTION | |
| control field | 20260226132755.0 |
| 008 - FIXED-LENGTH DATA ELEMENTS--GENERAL INFORMATION | |
| fixed length control field | 230125s2024 njuab b 001 0 eng d |
| 020 ## - INTERNATIONAL STANDARD BOOK NUMBER | |
| International Standard Book Number | 9781119897903 |
| Qualifying information | paperback |
| 040 ## - CATALOGING SOURCE | |
| Original cataloging agency | WaSeSS/DLC |
| Language of cataloging | eng |
| Description conventions | rda |
| Transcribing agency | DLC |
| Modifying agency | MY-SjTCS |
| 082 04 - DEWEY DECIMAL CLASSIFICATION NUMBER | |
| Classification number | 302.23 |
| Item number | BAL 2024 |
| 100 ## - MAIN ENTRY--PERSONAL NAME | |
| Personal name | Baldwin, John R., |
| Dates associated with a name | 1960- |
| Relator term | author.‡ |
| 9 (RLIN) | 285474 |
| 245 10 - TITLE STATEMENT | |
| Title | Intercultural communication for everyday life / |
| Statement of responsibility, etc. | John R. Baldwin, Alberto González, Nettie Brock, Ming Xie, and Chin-Chung Chao. |
| 250 ## - EDITION STATEMENT | |
| Edition statement | Second edition |
| 264 #1 - PRODUCTION, PUBLICATION, DISTRIBUTION, MANUFACTURE, AND COPYRIGHT NOTICE | |
| Place of production, publication, distribution, manufacture | Hoboken, NJ, USA : |
| Name of producer, publisher, distributor, manufacturer | John Wiley & Sons, |
| Date of production, publication, distribution, manufacture, or copyright notice | 2024. |
| 300 ## - PHYSICAL DESCRIPTION | |
| Extent | xix, 355 pages : |
| Other physical details | illustrations (chiefly colour), maps (some colour) ; |
| Dimensions | 24 cm. |
| 336 ## - CONTENT TYPE | |
| Content type term | text |
| Source | rdacontent. |
| 336 ## - CONTENT TYPE | |
| Content type term | still image |
| Source | rdacontent. |
| 337 ## - MEDIA TYPE | |
| Media type term | unmediated |
| Source | rdamedia. |
| 338 ## - CARRIER TYPE | |
| Carrier type term | volume |
| Source | rdacarrier. |
| 504 ## - BIBLIOGRAPHY, ETC. NOTE | |
| Bibliography, etc. note | Includes bibliographical references and index. |
| 650 #0 - SUBJECT ADDED ENTRY--TOPICAL TERM | |
| Topical term or geographic name entry element | Intercultural communication |
| 9 (RLIN) | 38652 |
| 650 #0 - SUBJECT ADDED ENTRY--TOPICAL TERM | |
| Topical term or geographic name entry element | Communication |
| General subdivision | Philosophy. |
| 9 (RLIN) | 8163 |
| 700 1# - ADDED ENTRY--PERSONAL NAME | |
| Personal name | González, Alberto, |
| Dates associated with a name | 1954- |
| Relator term | author. |
| 9 (RLIN) | 59504 |
| 700 1# - ADDED ENTRY--PERSONAL NAME | |
| Personal name | Brock, Nettie, |
| Relator term | author. |
| 9 (RLIN) | 309083 |
| 700 1# - ADDED ENTRY--PERSONAL NAME | |
| Personal name | Xie, Ming, |
| Dates associated with a name | 1980- |
| Relator term | author. |
| 9 (RLIN) | 309080 |
| 700 1# - ADDED ENTRY--PERSONAL NAME | |
| Personal name | Chao, Chin-Chung, |
| Relator term | author. |
| 9 (RLIN) | 309081 |
| 920 ## - Programme | |
| Programme | SOMAC: 338989 |
| Withdrawn status | Lost status | Source of classification or shelving scheme | Damaged status | Not for loan | Home library | Current library | Date acquired | Source of acquisition | Cost, normal purchase price | Inventory number | Total Checkouts | Barcode | Date last seen | Cost, replacement price | Price effective from | Koha item type | Public note |
|---|---|---|---|---|---|---|---|---|---|---|---|---|---|---|---|---|---|
| Dewey Decimal Classification | Taylor's Library-TU | Taylor's Library-TU | 23/02/2026 | 522 | 291.68 | TU700001796 | 5000176347 | 23/02/2026 | 291.68 | 23/02/2026 | Main Collection | SOMAC,91615,03,RA |